000 00305nam a22001217a 4500
041 _aENG
100 _aSubramanian N
245 _aIntroduction To Computers Fundamentals Of Computer Science Vol 1
260 _a Delhi
_bTata mcGraw-Hill
_c2002
300 _a229
650 _aM.Tech
856 _uM.Tech -(7)
999 _c1006
_d1006